| 000 | 00936 a2200229 4500 | ||
|---|---|---|---|
| 001 | 45048 | ||
| 005 | 20260407155725.0 | ||
| 008 | 260407a2011 arg spa d | ||
| 003 | AR-UNSa-BCEJYS | ||
| 040 |
_aAR-UNSa-BCEJYS _bspa _cAR-UNSa-BCEJYS |
||
| 080 |
_a331.5 _xMercado de Trabajo. Empleo |
||
| 245 | 1 | 0 |
_aMás y mejor trabajo para todos _pDel programa jefes de hogar al programa jóvenes. Políticas activas de empleo, Argentina 2003-2010. Sistematización y análisis integrado |
| 020 | _a978-92-2-325306-6 | ||
| 264 | 1 |
_aBuenos Aires : _bOIT _c2011 |
|
| 300 |
_a97 p. _c28 cm. |
||
| 505 | _a1.Los contextos – 2. Las políticas de empleo – 3. Análisis de la experiencia – 4. Los desafíos abiertos. | ||
| 041 | _aspa | ||
| 942 | _cBK | ||
| 590 | _aniveau_biblio:m niveau_hierar:0 | ||
| 100 | 1 | _aMadoery, Oscar | |
| 856 | 4 | 1 |
_uhttps://www.biblioeco.unsa.edu.ar/pmb/images/libros/L127070.jpg _yImagen de portada _qimage/jpeg |
| 999 |
_c3899 _d3899 |
||